Fes el teu bibliobús : genius.diba.cat genius.diba.cat
Descripción Física:
1 retallable : 34 cm
Idioma:
Catalán
MARC
| LEADER | 00000nam a2200000 4500 | ||
|---|---|---|---|
| 001 | 25702 | ||
| 008 | 220530b spa||||| |||| 00| 0 cat d | ||
| 017 | |a DL B 1992-2015 | ||
| 080 | |a NBM-13-174 | ||
| 245 | |a Fes el teu bibliobús : |b genius.diba.cat | ||
| 260 | |a Barcelona : |b Xarxa de Biblioteques Municipals, |c 2015 | ||
| 300 | |a 1 retallable : |c 34 cm | ||
| 650 | 0 | |a Bibliobusos |z Barcelona (Catalunya : Província) |9 30563 | |
| 650 | 0 | |9 46192 |a Retallables (Art) | |
| 710 | 1 | |a Barcelona (Catalunya : Província). |b Xarxa de Biblioteques Municipals |9 52650 | |
| 942 | |2 udc |n 1 |c ARXIU | ||
| 952 | |0 0 |1 0 |4 0 |7 1 |9 62094 |a Arxiu |b Arxiu |d 2022-05-30 |o NBM-13-174 |p 25702 |r 2022-05-30 00:00:00 |w 2022-05-30 |y ARXIU | ||
| 999 | |c 81803 |d 81803 | ||